NLSUI OPAC header image

Right to privacy in India (Record no. 38655)

MARC details
000 -LEADER
fixed length control field 00435nam a2200157Ia 4500
008 - FIXED-LENGTH DATA ELEMENTS--GENERAL INFORMATION
fixed length control field 160316s1994 xxu||||| |||| 00| 0 eng d
082 ## - DEWEY DECIMAL CLASSIFICATION NUMBER
Classification number 342.085800
Item number MIS
100 ## - MAIN ENTRY--PERSONAL NAME
Personal name Mishra G
245 ## - TITLE STATEMENT
Title Right to privacy in India
250 ## - EDITION STATEMENT
Edition statement
260 ## - PUBLICATION, DISTRIBUTION, ETC.
Place of publication, distribution, etc. Delhi
Name of publisher, distributor, etc. Preeti Publications
Date of publication, distribution, etc. 1994
300 ## - PHYSICAL DESCRIPTION
Extent 205p
Other physical details
Dimensions
365 ## - TRADE PRICE
Price amount Gratis
650 ## - SUBJECT ADDED ENTRY--TOPICAL TERM
Topical term or geographic name entry element 1. Human Rights - Right to Privacy - India <br/>2. Fundamental Rights - Privacy
700 ## - ADDED ENTRY--PERSONAL NAME
Personal name
--
Holdings
Withdrawn status Lost status Damaged status Not for loan Home library Current library Shelving location Date acquired Total Checkouts Full call number Barcode Date last seen Price effective from Koha item type
        . . Library Compactors 30.05.2017   342.0858 MIS 32933 30.05.2017 30.05.2017 BOOKs